| 000 | 00508nam a22001937a 4500 | ||
|---|---|---|---|
| 005 | 20260422132257.0 | ||
| 008 | 260422b |||||||| |||| 00| 0 eng d | ||
| 020 |
_a9789373023571 _c1495.00 |
||
| 040 | _aMAIN | ||
| 041 | _aEnglish | ||
| 082 |
_a592 _bHUS |
||
| 100 |
_aHussain, Anwar _926680 |
||
| 245 | _aPecheniks Biology of the Invertebrates | ||
| 250 | _a8th | ||
| 260 |
_aNew Delhi _bMedTech Science Press _c2026 |
||
| 300 | _a606 | ||
| 650 |
_aBiological Science (PM USHA) _926674 |
||
| 942 | _cBK | ||
| 999 |
_c60678 _d60678 |
||